00743nam a2200217Ia 4500003000900000008004100009020001800050040001600068080001800084100002300102245013100125260004800256300001600304650001000320650002900330650002900359650001800388942000700406999001700413952009500430IN-BaIIA211028s9999 xx 000 0 eng d a0-521-65937-X cIIA Library a524.3-54bPRI aPrialnik, D924277 3aAn introduction to the theory of stellar structure and evolutioncD. Prialnik  aCambridgebCambridge University Pressc2000 axiii, 261p. aStars aStars - evolution910853 aStars - structure924278 aStellar95655 cBK c13829d13829 00104070aBANbBANcGENd0000-00-00l0o524.3-54/ PRIp14748r2021-11-05w0000-00-00yBK